Statistics for Car Trim Badges 2

Click here to take the quiz!

General Stats

  • This quiz has been taken 58 times
    (49 since last reset)
  • The average score is 12 of 16

Answer Stats

Answer% Correct
Chevrolet
100%
Honda
100%
Alfa Romeo
96%
Cadillac
96%
Volkswagen
94%
Hyundai
91%
Buick
74%
Chrysler
72%
Opel
72%
Skoda
72%
Jaguar
66%
Holden
64%
Land Rover
60%
Seat
47%
Oldsmobile
40%
Saturn
23%

Score Distribution

Percentile by Number Answered

Percent of People with Each Score

Your Score History

You have not taken this quiz since the last reset